000
002250000a22000970004500
100
1
_a
Philip, Jim
245
1
0
_a
A tribute to William Still
300
_a
Vol. 16, Núm 3 (1998), Páginas 73-75
773
0
_t
Evangel
942
_c
ANA
999
_c
54472
_d
54472